The failure of judges and the rise of regulators / (Record no. 14475)

000 -LEADER
fixed length control field 01645cam a2200301 a 4500
001 - CONTROL NUMBER
control field 16784330
005 - DATE AND TIME OF LATEST TRANSACTION
control field 20170105102856.0
008 - FIXED-LENGTH DATA ELEMENTS--GENERAL INFORMATION
fixed length control field 110518s2012 maua b 001 0 eng
010 ## - LIBRARY OF CONGRESS CONTROL NUMBER
LC control number 2011021320
020 ## - INTERNATIONAL STANDARD BOOK NUMBER
International Standard Book Number 9780262016957 (hbk.)
040 ## - CATALOGING SOURCE
Original cataloging agency DLC
Transcribing agency DLC
Modifying agency DLC
042 ## - AUTHENTICATION CODE
Authentication code pcc
050 00 - LIBRARY OF CONGRESS CALL NUMBER
Classification number K3842
Item number .S55 2012
082 00 - DEWEY DECIMAL CLASSIFICATION NUMBER
Classification number 342/.066
Edition number 23
100 1# - MAIN ENTRY--PERSONAL NAME
Personal name Shleifer, Andrei.
245 14 - TITLE STATEMENT
Title The failure of judges and the rise of regulators /
Statement of responsibility, etc. Andrei Shleifer.
260 ## - PUBLICATION, DISTRIBUTION, ETC.
Place of publication, distribution, etc. Cambridge, Mass. :
Name of publisher, distributor, etc. MIT Press,
Date of publication, distribution, etc. 2012.
300 ## - PHYSICAL DESCRIPTION
Extent viii, 343 p. :
Other physical details ill. ;
Dimensions 24 cm.
490 0# - SERIES STATEMENT
Series statement Walras-Pareto lectures
504 ## - BIBLIOGRAPHY, ETC. NOTE
Bibliography, etc. note Includes bibliographical references (p. [311]-326) and index.
505 00 - FORMATTED CONTENTS NOTE
Formatted contents note The enforcement theory of regulation -- Judicial fact discretion / with Nicola Gennaioli -- The evolution of common law / with Nicola Gennaioli -- The evolution of a legal rule / with Anthony Niblett and Richard A. Posner -- Courts / with Simeon Djankov, Rafael La Porta, and Florencio Lopez-De-Silanes -- The rise of the regulatory state / with Edward I. Glaeser -- Coase versus the coasians / with Edward Glaeser and Simon Johnson -- Legal origins / with Edward I. Glaeser -- The extent of the market and the supply of regulation / with Casey B. Mulligan -- The regulation of entry / with Simeon Djankov, Rafael La Porta, and Florencio Lopez-De-Silanes.
650 #0 - SUBJECT ADDED ENTRY--TOPICAL TERM
Topical term or geographic name entry element Trade regulation
General subdivision Economic aspects.
650 #0 - SUBJECT ADDED ENTRY--TOPICAL TERM
Topical term or geographic name entry element Judicial process.
650 #0 - SUBJECT ADDED ENTRY--TOPICAL TERM
Topical term or geographic name entry element Administrative procedure.
906 ## - LOCAL DATA ELEMENT F, LDF (RLIN)
a 7
b cbc
c orignew
d 1
e ecip
f 20
g y-gencatlg
942 ## - ADDED ENTRY ELEMENTS (KOHA)
Source of classification or shelving scheme
Koha item type Book
Holdings
Withdrawn status Lost status Damaged status Not for loan Collection code Permanent Location Current Location Shelving location Date acquired Total Checkouts Full call number Barcode Date last seen Price effective from Koha item type
          Centre for International Peace & Stability (CIPS) Centre for International Peace & Stability (CIPS) General Stacks 09/02/2013   342.066 SHL 2012 CIPS0000791 09/02/2013 09/02/2013 Book
© 2023 Central Library, National University of Sciences and Technology. All Rights Reserved.